LEADER 01543nam a2200301 4500 001 000000338090 003 CaOOAMICUS 005 20191121152128.0 008 191121s2010 it 000 u mul r 020 $a978-88-905611-0-8 040 $aSeMil$bita 100 1 $aDuns Scotus, Ioannes,$c.$0(OLS)http://semarc/name/109102 245 10$aCommento alle sentenze, Ordinatio : $bDistinzione prima e seconda /$cBeato Giovanni Duns Scoto ; a cura del Seminario teologico "Immacolata Mediatrice" ; prefazione di p. Barnaba Hechich ; introduzione di p. Alessandro M. Apollonio. 264 1$aFrigento (AV) :$bCasa mariana,$c2010. 300 $alxxv, 508 p. ;$c22 cm 500 $aTesto latino e traduzione italiana a fronte 700 1 $aApollonio, Alessandro Maria,$c.$0(OLS)http://semarc/name/62228 700 1 $aHechich, Barnabas,$c.$0(OLS)http://semarc/name/31350 710 0 $aSeminario teologico Immacolata mediatrice.$0(OLS)http://semarc/name/8307 830 0$aQuaderni di studi scotisti.$0(OLS)http://semarc/title/24289 850 $aSeMil 852 $aSeMil$W1$xVenegono$y1$m2N V 701$j217321$B229416$CSeMilBibl$Z2$F229416 $81 900 1 $aDuns Scoto, Giovanni. 996 $6020$a978-88-905611-0-8$9(OLS)http://semarc/number/289247 996 $6245$aCommento alle sentenze, Ordinatio : $bDistinzione prima e seconda$9(OLS)http://semarc/title/426973 996 $6264$aFrigento (AV) :$bCasa mariana$9(OLS)http://semarc/publisher/34864 LEADER 00971nam a2200205 i 4500 001 000000090671 003 CaOOAMICUS 005 20160208000000.0 008 160208s1839 it u000 u ita u 013 $a62913 040 $aSeMil$bita 100 1 $aDegli Oddi, Longaro,$c.$0(OLS)http://semarc/name/40691 245 10$aVita di san Francesco di Girolamo sacerdote professo della Compagnia di Gesł /$cscritta dal padre Longaro Degli Oddi. 260 $aRoma :$bTipografia Salviucci,$c1839. 300 $a238 p., [1] c. di tav. :$britr. ;$c26 cm. 600 14$aGeronimo, Francesco : de .$0(OLS)http://semarc/subject/16575 850 $aSeMil 852 $aSeMil$W1$xVenegono$y1$m3H V 35 FA$j53638$B53638$CSeMilBibl$Z2$F58272 $8I 996 $6245$aVita di san Francesco di Girolamo sacerdote professo della Compagnia di Gesł$9(OLS)http://semarc/title/136667 996 $6260$aRoma :$bTipografia Salviucci$9(OLS)http://semarc/publisher/41606 LEADER 01020nam a2200241 i 4500 001 000000117320 003 CaOOAMICUS 005 20040610000000.0 008 040610s1966 it u000 u ita u 013 $a90009 040 $aSeMil$bita 100 1 $aPisano, Antonio,$d<1395-1455>.$0(OLS)http://semarc/name/48967 245 10$aPisanello /$cRenzo Chiarelli. 260 $aFirenze :$bSadea Sansoni,$ccopyr. 1966. 300 $a39 p., 79 p. di tav. :$bill. ;$c18 cm. 490 0 $aI diamanti dell'arte : biblioteca di pittura, scultura e architettura ;$v7 650 4$aPisanello .$0(OLS)http://semarc/subject/21724 700 1 $aChiarelli, Renzo.$0(OLS)http://semarc/name/48968 830 2$aI diamanti dell'arte ;$v7.$0(OLS)http://semarc/title/15551 850 $aSeMil 852 $aSeMil$W1$xVenegono$y1$m5P I 42$j72710$B72710$CSeMilBibl$Z2$F83734 $81 996 $6245$aPisanello$9(OLS)http://semarc/title/172230 996 $6260$aFirenze :$bSadea Sansoni$9(OLS)http://semarc/publisher/33238